[Event "SuperConstellation_Turbostar432KSO"]
[Site "?"]
[Date "2019.05.15"]
[Round "15"]
[White "Super Constellation"]
[Black "Turbostar 432 KSO"]
[Result "1/2-1/2"]
[WhiteElo "1819"]
[BlackElo "1807"]
[Annotator "Utzinger,K"]
[PlyCount "127"]
[EventDate "2019.??.??"]

1. e4 c5 {Match 120'/40 | 15. Partie | Remis | ECO B63: Sizilianisch (Richter/
Rauser-Angriff) | Zwischenstand: 9 : 6 (+6 -3 =6) für den Super Constellation
| Eine beidseits im Rahmen der Möglichkeiten der Programme gut gespielte
Partie. Immer dann, als für Weiss oder Schwarz die Option vorhanden war, in
Vorteil zu kommen, standen den Programmen bezüglich richtiger
Stellungseinschätzung und Rechentiefe zu viele Hürden gegenüber. Das
schliesslich ausgeglichene Turmendspiel führten die Kontrahenten bis zum
letzten Bauer zum Remis.} 2. Nf3 Nc6 3. d4 cxd4 4. Nxd4 Nf6 5. Nc3 d6 6. Bg5 e6
7. Qd2 Be7 8. O-O-O {***ENDE BUCH***} O-O {***ENDE BUCH***} 9. Bxf6 {?! Aus
Sicht von Oldie Super Constellation verständlich, weil die Erwartung des
Programms darin liegt, dass der Gegner mit 9...gxf6 zurückschlagen muss, um
den Verlust des Bauern d6 zu vermeiden. Leider hat die Praxis gezeigt, dass
Schwarz einfach 9...Lxf6 antworten kann. Und falls Weiss auf Bauernfang
ausgeht, dann erhält Schwarz mit Läuferpaar und der halboffenen b-Linie mehr
als genügend Kompensation.} gxf6 {?! Aus Sicht von Oldie Turbostar 432 KSO
ebenso verständlich: man will ja keinen Bauern verlieren.} (9... Bxf6 10. Nb3
{andere Züge sind zweifelhaft} (10. Nxc6 bxc6 11. Qxd6 Qb6 {=+}) (10. Ndb5 a6
{!} 11. Nxd6 Bd4 {=+}) 10... Qb6 11. f4 Rd8 12. Kb1 Bd7 13. h4 Rac8 14. Rh3 d5
15. exd5 Nb4 16. d6 e5 17. fxe5 Bxh3 18. exf6 Bf5 19. Na1 Rc6 20. Qg5 Bg6 21.
Ne4 Rdxd6 22. Rxd6 Rxd6 23. Nxd6 Qxd6 24. h5 Qd1+ 25. Qc1 Qd5 26. b3 Qxh5 27.
Qf4 Qd1+ 28. Kb2 gxf6 29. Qxb4 Qxf1 30. Qxb7 h5 31. b4 h4 32. Nb3 Qc4 33. Ka3
Qg4 34. b5 Bxc2 35. Nc5 Bb1 36. Qxa7 Qxg2 37. b6 h3 38. Qd7 Qxa2+ 39. Kb4 h2
40. b7 Qb2+ 41. Nb3 h1=Q 42. b8=Q+ Kg7 43. Qg3+ Bg6 44. Qe3 Qhh2 45. Qdd4 Qb8+
46. Qb6 Qf8+ 47. Qbc5 Qa8 48. Qa7 Qd8 49. Qad4 Qb8+ 50. Qb6 Qc8 51. Qbd4 Qb7+
52. Qb6 Qd5 53. Qbc5 Qdg2 54. Qc7 Qg4+ 55. Qc4 f5 56. Qec5 Qe4 57. Qc7 Qf6 58.
Qxe4 fxe4 59. Qc5 Qf4 60. Qd4+ Kh7 61. Nc5 Kh6 62. Nd7 Kg5 {0-1 (62) Silva,F 
(2357)-Simal Moreira,L (2357) ICCF 2015}) 10. Ndb5 Qb6 {? Objektiv schwach,
aber das ist für die beiden Programme unmöglich zu erkennen. Die beste
Chance bestand in} (10... a6 11. Nxd6 Qc7 12. Nxc8 Raxc8 {mit Kompensation})
11. Nxd6 {? Die damit verbundene Abwicklung durfte von beiden Programmen
erwartet werden. Indessen hätte der Angriff 11.Dh6!! Schwarz in arge Nöte
gebracht.} (11. Qh6 Ne5 {verhindert Td1-d3} 12. Nd4 Kh8 13. f4 {+/- mit einer
prächtigen Angriffsstellung für Weiss. Für die neurale Engine Lc0 v0.21.1
hat Weiss bereits entscheidenden Vorteil. Aber auch Stockfish 10 attestiert
Weiss schon deutlichen Vorteil.}) 11... Bxd6 {?! Angebracht war natürlich ...
Tf8-d8 mit leichtem weissem Vorteil.} 12. Qxd6 Qxf2 {Der materielle
Gleichstand ist erreicht. Aber die schwarze Stellung hat sich massgeblich
verschlechtert. Und der weisse Entwicklungsvorsprung, seine aktiven Figuren
und die geschwächte schwarze Königsstellung räumen Weiss hier exzellente
Gewinnchancen ein.} 13. Bb5 Rd8 14. Qg3+ {?! Der Damentausch erleichtert auf
einen Schlag die schwarze Stellung enorm. Hätte Weiss seine Dame nach c7
gestellt, gäbe es für Schwarz keine vernünftige Verteidigung mehr. Will er
nicht im Angriff untergehen, wird Damentausch und Übergang in ein verlorenes
Endspiel unvermeidlich sein.} (14. Qc7 Rxd1+ (14... Rf8 15. Bxc6 bxc6 16. Rhf1
Qh4 17. Qxc6 Rb8 18. Qd6 Qg5+ 19. Kb1 Qe5 20. Rf3 Qxd6 (20... Bb7 21. Qxe5 fxe5
22. Rd7 {+-}) 21. Rxd6 Kg7 22. Rg3+ Kh8 23. b3 {+- und Weiss hat einen Bauern
mehr sowie eine übermächtige Stellung}) 15. Rxd1 Ne5 16. Rd8+ Kg7 17. b4 a6
18. Be2 Qf4+ 19. Kb1 Nd3 20. Qxf4 Nxf4 21. Bf1 b5 22. a4 bxa4 23. g3 Ng6 24.
Bxa6 Rxa6 25. Rxc8 {+- gewonnenes Endspiel für Weiss}) 14... Qxg3 15. hxg3
Rxd1+ 16. Rxd1 Ne5 17. Rd8+ Kg7 18. Kd2 {Offenbar hat der Super Constellation
schon etwas Endspielwissen bezüglich Zentralisierung des Königs mitbekommen.}
a6 19. Bd3 b5 {verhindert die Drohung Sc3-a4-b6 und aus} 20. Re8 Bb7 21. Re7 {
?! Da der Turm auf der 7.Reihe nur wenig Bewegungsfreiheit geniesst, war der
Turmtausch die einfachere Wahl.} Bc6 {Mindestens Ausgleich für Schwarz in
diesem Endspiel.} 22. Rc7 b4 23. Ne2 Rd8 24. Ke3 a5 {?! Danach dreht sich das
bestehende Gleichgewicht zugunsten von Weiss.} 25. Ra7 {? Weiss revanchiert
sich mit einer schlechteren Fortsetzung, wonach Schwarz hätte Vorteil
erhalten können.} Ra8 (25... Ng4+ 26. Kd2 (26. Kf3 f5 {-/+}) (26. Kf4 h5 27.
Rxa5 e5+ 28. Kf3 f5 {-+}) 26... Bxe4 27. Nf4 (27. Rxa5 Ne5 {-/+}) 27... Rd6 28.
Rxa5 e5 29. Ke2 Rd4 30. Nh3 Bxg2 31. Nf2 Nxf2 32. Kxf2 Bh3 33. a4 bxa3 34. Rxa3
Be6 {und trotz Minusbauer für Weiss ist die Partie noch einigermassen offen})
26. Rc7 Rd8 27. Nd4 Ng4+ 28. Kd2 Rxd4 29. Rxc6 Ne5 30. Ra6 Nc4+ 31. Ke2 Nxb2
32. Rxa5 Nxd3 33. cxd3 {Nun ist ein ausgeglichenes Turmendspiel entstanden.}
Rd7 34. Kd2 Rb7 35. g4 b3 36. axb3 Rxb3 {Das Remis wird langsam offensichtlich.
} 37. Kc2 Rb7 38. g5 fxg5 39. Rxg5+ Kf6 40. Rh5 Ra7 41. g4 Kg6 42. Kd2 Ra2+ 43.
Ke3 Rg2 44. Kf4 Rf2+ 45. Ke5 Rd2 46. Rh3 Rg2 47. Kf4 Rf2+ 48. Ke5 h6 49. d4 Rg2
50. Kf4 Rf2+ 51. Rf3 Rd2 {Wenn man nicht sicher ist, ob das Bauernendspiel zu
halten ist, vermeidet man wie hier besser den Turmtausch.} 52. Ke5 Rg2 53. Rf6+
Kg7 54. Rf4 Re2 55. d5 exd5 56. Kxd5 Kg6 57. Ke5 Rg2 58. Kd4 f6 59. Kd5 Re2 60.
Ke6 Kg5 61. Rf5+ Kxg4 62. Rxf6 Rxe4+ 63. Kd5 Re2 64. Rxh6 1/2-1/2

[Event "SuperConstellation_Turbostar432KSO"]
[Site "?"]
[Date "2019.05.16"]
[Round "16"]
[White "Turbostar 432 KSO"]
[Black "Super Constellation"]
[Result "0-1"]
[WhiteElo "1807"]
[BlackElo "1819"]
[Annotator "Utzinger,K"]
[PlyCount "74"]
[EventDate "2019.??.??"]

1. d4 Nf6 {Match 120'/40 | 16. Partie | ECO A77: Benoni (Hauptsystem) | Der SC
gewinnt | Zwischenstand: 10 : 6 (+7 -3 =6) für den Super Constellation | In
einer schönen Angriffspartie überspielt das Novag-Gerät mit Schwarz den
hilflos aussehenden Turbostar 432 KSO. Einmal mehr zeigt sich, dass das
Programm von Julio Kaplan die eigene Königssicherheit vollkommen
vernachlässigt.} 2. c4 e6 3. Nc3 c5 4. d5 exd5 5. cxd5 d6 6. e4 g6 7. Nf3 Bg7
8. Be2 O-O 9. O-O Re8 {***ENDE BUCH***} 10. Nd2 {***ENDE BUCH***} a6 11. Bd3 {
? Strategisch schwach, weil Weiss zulässt, dass der Gegner sich am
Damenflügel mit b7-b5 ausbreitet. Richtig ist deshalb 11.a4, ein Standardzug
in solchen Stellungen. Hier versagen die positionellen Kriterien des Turbostar
432 KSO völlig.} b5 {Der Super Conny, weiss, was er zu tun hat.} 12. a4 b4 13.
Ne2 Bb7 14. f3 Nbd7 15. Nc4 Ne5 16. Nxe5 Rxe5 17. Bf4 Re8 18. Qb3 {Hier hat
die weisse Dame nichts zu suchen.} Nd7 19. Rfc1 (19. Bxd6 {? wäre ein
Riesenbock und eine Figur verlierend nach} Qb6 20. Bg3 c4+ 21. Bf2 Qxf2+ 22.
Rxf2 cxb3) 19... Ne5 20. Bxe5 Rxe5 21. f4 Rh5 {!? Ein interessanter wie auch
gewagter und typischer Entscheid des Super Constellation, denn wie soll der
Turm einmal wieder ins Spiel finden, sollte ein schwarzer Angriff am
Königsflügel nicht von Erfolg gekrönt sein.} 22. Rc2 {? Plan- und sinnlos.}
Qh4 23. h3 Re8 24. Rac1 {? Erneut planlos} Qe7 {Noch stärker war 24...Lc8
nebst ...Lxh3} 25. a5 {? Es war Zeit, an die Verteidigung des Königsflügels
zu denken und z.B. den Turm nach f1 zu bringen.} Rh4 26. Qa4 {? Der Turbostar
432 KSO hat keine Ahnung über das Unheil, das bald über ihn zusammenbricht.}
f5 {!? Der Super Constellation in seinem Element.} 27. exf5 {?? Ein taktischer
Patzer, der zwingend verliert.} (27. e5 {=+ war die einzig mögliche
Verteidigung}) 27... Qe3+ 28. Kf1 (28. Kh1 Rxh3+ 29. gxh3 Bxd5+ 30. Be4 Bxe4+
31. Kh2 Qf2#) 28... Bd4 {droht Df2 #} 29. Nxd4 Qxd3+ {Selbst diesen Zug hat
das selektive Programm von Julio Kaplan nicht erwartet.} 30. Kg1 (30. Ne2 Rxf4+
31. Kg1 Rxe2 {-+ und gewinnt}) 30... Qxd4+ {Der schwarze Angriff ist absolut
tödlich.} 31. Kh2 (31. Rf2 Re2 {-+ und gewinnt leicht}) 31... Qxf4+ 32. g3 (
32. Kh1 Rxh3+ 33. Kg1 Ree3 {-+ und gewinnt}) (32. Kg1 Qd4+ 33. Kh2 Re3 {
-+ und gewinnt}) 32... Rxh3+ {Fantastisch gespielt vom Super Conny, der hier
Matt in 5 Zügen anzeigt.} 33. Kxh3 Qh6+ 34. Kg2 Bxd5+ 35. Kf2 Qh2+ 36. Kf1
Qh1+ 37. Kf2 Qg2# 0-1

[Event "SuperConstellation_Turbostar432KSO"]
[Site "?"]
[Date "2019.05.17"]
[Round "17"]
[White "Super Constellation"]
[Black "Turbostar 432 KSO"]
[Result "1-0"]
[WhiteElo "1819"]
[BlackElo "1807"]
[Annotator "Utzinger,K"]
[PlyCount "63"]
[EventDate "2019.??.??"]

1. e4 e5 {Match 120'/40 | 17. Partie | ECO C70: Spanisch (Norweger Variante 4..
.b5) | Weiss gewinnt | Zwischenstand: 11 : 6 (+8 -3 =6) für den Super
Constellation | Statt die Entwicklung am Königsflügel voranzutreiben, führt
der Turbostar 432 KSO die lange Rochade aus. Angesichts der geschwächten
Bauernstruktur dort, kann man die 0-0-0 schon als Verlustzug bezeichnen. Der
Super Constellation ziert sich mit seinem Angriff nicht, findet jedoch die zu
tief versteckten Gewinnwege nicht immer, behält aber fast durchgehend
trotzdem klar die Oberhand. Und wie fast üblich, nutzt der Turbostar 432 KSO
keine seiner möglichen Verteidigungschancen und geht schliesslich im
gegnerischen Angriffswirbel unter.} 2. Nf3 Nc6 3. Bb5 a6 4. Ba4 {***ENDE
BUCH***} b5 5. Bb3 Na5 6. Nxe5 (6. O-O {ist der einzige Zug, der sich in der
Praxis als vorteilhaft für Weiss erwiesen hat}) 6... Nxb3 7. axb3 Qe7 {
Damit lässt sich kein Blumentopf gewinnen} (7... Qg5 {=+ ergibt leichten
Vorteil für Schwarz}) 8. d4 d6 9. Nf3 Qxe4+ 10. Be3 Bb7 {***ENDE BUCH***} 11.
Nbd2 (11. O-O Qg4 12. Nbd2 Ne7 13. Re1 O-O-O 14. c4 Ng6 15. cxb5 (15. d5 {+/-})
15... axb5 16. Qe2 Qf5 17. Ra5 Bc6 18. Rc1 Ne7 19. d5 Qxd5 20. Nc4 $2 (20. Nb1
{! +/- bis +-}) 20... Qe4 21. Na3 Qb4 22. Bd2 Qe4 23. Qxe4 Bxe4 24. Nxb5 Rd7
25. Nfd4 Bb7 26. Bb4 Kb8 27. Bd2 c5 28. Nc2 Nc6 29. Ra4 Ne5 30. Rd1 Be7 31. Bc3
Bf6 32. f4 Ng4 33. h3 Bc6 34. Ra5 Bd8 35. Ra2 Bxb5 36. hxg4 Re8 37. Rd2 g6 38.
Kf2 Re4 39. g3 Rde7 40. Be5 Bc7 41. Kf3 dxe5 42. Kxe4 exf4+ 43. Kf3 Bc6+ 44.
Kf2 fxg3+ 45. Kg1 h5 46. gxh5 gxh5 47. Ra4 Bxa4 48. bxa4 h4 49. Kg2 Bf4 50.
Rd8+ Kc7 {0-1 (50) Gutierrez Castillo,J (2350)-Johannessen,S (2440) Skopje 1972
}) 11... Qg6 12. O-O {[#]} O-O-O {? Die lange Rochade an den bereits durch die
Bauernstruktur geschwächten Damenflügel ist ein katastrophaler strategischer
Fehlentscheid. In höherem Sinne ist die Partie danach für Schwarz bereits
verloren.} 13. c4 Re8 (13... b4 14. d5 {+- und Weiss steht prächtig}) 14. cxb5
{Selbstverständlich öffnet der Super Constellation die a-Linie.} axb5 15. Ra7
(15. Qe2 {+- ist die deutlich präzisere Fortsetzung}) 15... Nf6 16. Qe2 {
?! Gefährdet einen raschen Sieg, der mit 16.Da1 möglich war, zum Beispiel} (
16. Qa1 Nd5 17. Qa5 Qd3 18. Rc1 Be7 19. Ne1 Qe2 20. Ne4 {+-}) 16... c6 17. Rc1
{?! Macht die Sache noch etwas schwieriger als nach 17.Tfa1 oder 17.Dd1 nebst
Da1.} Qf5 {? Das selektive Programm bemerkt nicht den tödlichen taktischen
Schlag, der nun mit 18.Se5!! möglich war. Wie man aus der folgenden Antwort
sieht, geht auch der Super Constellation an diesem Shot vorbei.} 18. h3 {
? Verpasst forcierte Gewinnvarianten, die allerdings die Suchtiefen beider
Programme bei weitem übersteigen. Zum Glück für den Super Constellation
steht Weiss auch nach dem Textzug noch deutlich besser.} (18. Ne5 {!! ein
hübscher Gewinnzug} Rxe5 19. dxe5 Qxe5 20. Nf3 Qd5 21. Bd4 Ne4 22. Rxb7 {
!! Der attraktivste Gewinnweg, obwohl auch andere Züge, wie z.B. 22.Lb6
gewinnen.} Kxb7 23. Ra1 Kb8 24. Qe1 Be7 25. Qa5 c5 26. Bxg7 Rd8 27. Qa7+ Kc8
28. Qxe7 {+-}) 18... Kb8 {Etwas Besseres ist nicht zu sehen.} 19. Rca1 Nd5 20.
Nf1 {? Zu langsam und den Vorteil wegwerfend. Mindestens zwei Züge
garantieren den weissen Sieg:} ({a)} 20. Nc4 {!? höchst interessant} bxc4 21.
bxc4 Rxe3 22. fxe3 Nb4 23. Qd2 c5 24. dxc5 Nc6 25. Nd4 Qc8 26. Nxc6+ Qxc6 27.
b4 {+- weisse Gewinnstellung}) ({b)} 20. Qe1 Qc8 21. Nf1 Qc7 22. Qb1 Qb6 23.
Bd2 Qxa7 24. Rxa7 Kxa7 25. Ne3 Nxe3 26. Bxe3 d5 27. Ne5 f6 28. Nf7 Rg8 29. Qxh7
Be7 30. Bf4 Bc8 31. Bd6 Bxd6 32. Nxd6 Ref8 33. Qc2 Bb7 34. Qc5+ Ka6 35. Nf5 Rf7
36. Ne7 Rd8 37. Nxc6 Bxc6 38. Qxc6+ Ka7 39. Qxb5 {+- weisse Gewinnstellung})
20... Kc8 {Besser ...Le7} 21. Qd2 {Da Weiss verschiedene schwierige
Gewinnfortsetzungen verpasst hat, müsste er nun noch arg kämpfen, um den
vollen Punkt zu holen.} Nxe3 {? Ein schlimmer Fehler, wonach die weisse Uhr
wieder richtig tickt. Notwendig wäre die Entwicklung des Lf8 nach e7 gewesen.}
22. Nxe3 Qe4 23. d5 {! Jetzt die beste Fortsetzung} Re7 24. Nd4 {Noch
zwingender sieht 24.Da5 aus.} Rc7 25. dxc6 Rxc6 {Es gibt keine Rettung mehr.} (
25... Bxc6 26. Nxc6 Rxc6 (26... Qxc6 27. Rxc7+ Kxc7 28. Rc1) 27. Ra8+ Kd7 28.
R1a7+ Rc7 29. Rxc7+ Kxc7 30. Ra7+ Kb8 31. Qa5 Qb7 32. Rxb7+ Kxb7 33. Qxb5+ Kc8
34. Nf5 g6 35. Qe8+ Kc7 36. Nd4 h5 37. Nb5+ Kb6 38. Nc3 Bg7 39. Qb5+ Ka7 40.
Qd7+ Ka8 41. Nb5 Bd4 42. Qc6+ Kb8 43. Nxd6 Bxf2+ 44. Kxf2) 26. Nxc6 f6 27. Na5
{Weiss hat Mattangriff} f5 28. Rc1+ Kd7 29. Rxb7+ Ke6 30. Re1 d5 31. Nxd5 Qxe1+
32. Qxe1+ 1-0

[Event "SuperConstellation_Turbostar432KSO"]
[Site "?"]
[Date "2019.05.18"]
[Round "18"]
[White "Turbostar 432 KSO"]
[Black "Super Constellation"]
[Result "1-0"]
[WhiteElo "1807"]
[BlackElo "1819"]
[Annotator "Utzinger,K"]
[PlyCount "100"]
[EventDate "2019.??.??"]

1. d4 Nf6 {Match 120'/40 | 18. Partie | ECO A77: Katalanisch| Weiss gewinnt |
Zwischenstand: 11 : 7 (+8 -4 =6) für den Super Constellation | Schwarz trifft
nicht die beste Eröffnungswahl und krankt an seinem isolierten Bauern d5. Ein
unnötiger Tempoverlust des Super Constellation hat gar zur Folge, dass dieser
schwache Bauer verlorengeht. Wie (fast) immer tut sich der Turbostar 432 KSO
schwer, seinen Vorteil zu realisieren, geht an verschiedenen Gewinnwegen
vorbei und muss noch um den Sieg zittern, den ihm der Gegner fast am Ende der
Partie noch hätte entreissen können.} 2. c4 e6 3. g3 d5 4. Bg2 Be7 5. Nf3 O-O
6. O-O {***ENDE BUCH***} c5 {***ENDE BUCH***} 7. cxd5 exd5 8. dxc5 Bxc5 9. Bg5
h6 {? Ein reiner Tempoverlust, da ja Weiss so oder so den Springer f6
beseitigen will. Angesagt war Entwicklung mit ...Sc6 und annehmbarer Stellung,
auch wenn der Isolani d5 Sorgen bereiten kann. Nun kommt Schwarz um
Bauernverlust bereits nicht mehr herum.} (9... Nc6 10. Nc3 d4 11. Ne4 Be7 12.
Bxf6 Bxf6 13. b4 Nxb4 14. Nxf6+ Qxf6 15. Nxd4 Rd8 16. e3 Nc6 17. Bxc6 bxc6 18.
Rc1 Bh3 19. Re1 Rd5 20. Qb3 Re8 21. Red1 Red8 22. Qa3 c5 23. Rxc5 Qf3 {0-1 (23)
Garcia Palermo,C (2450)-Todorovic,G (2444) Novi Sad 2017}) 10. Bxf6 Qxf6 11.
Nc3 Rd8 {? So geht kompensationslos der Bauer d5 in die Binsen.} (11... d4 {?}
12. Ne4 Qb6 13. Nxc5 Qxc5 14. Qxd4 {weisser Mehrbauer}) (11... Nc6 12. Qxd5 Bb4
{+/- war ein Versuch wert}) 12. Nxd5 Qd6 (12... Qxb2 {scheitert an} 13. Rb1
Qxa2 14. Nf6+ gxf6 15. Qxd8+ {und gewinnt}) 13. e4 Nc6 14. Qa4 {?! Ein
ungünstiger Platz für die Dame. Gute Alternativen sind 14.a3 oder 14.Se1 
(Idee Sd3) oder auch 14.Tc1} Bd7 15. Rac1 {?! Während nach 15.Dc4 noch
weisser Vorteil vorhanden gewesen wäre, verflüchtigt sich dieser nach dem
Textzug.} Nd4 {? Der falsche Rösselsprung.} (15... Nb4 16. Qb3 Be6 {und
Schwarz erobert den verlorenen Bauern zurück}) 16. Qc4 Nxf3+ 17. Bxf3 Rac8 18.
Qb3 Bc6 {Bedeutend genauer ...Da6} 19. Rfd1 Qf8 20. Bg4 Bxd5 21. exd5 Rc7 22.
Re1 a6 23. Qa4 b5 (23... Rxd5 {verliert wegen} 24. Re8) 24. Qxa6 Rxd5 25. Bf3 {
?! Mit 25.b4 hätte Weiss die Sache rasch klar machen können.} (25. b4 Bd6 26.
Rxc7 Bxc7 27. Bf3 Rf5 28. Qc6 Re5 29. Rxe5 Bxe5 30. Qxb5 {+- und Weiss hat 2
Mehrbauern}) 25... Rd2 26. Qxb5 Bxf2+ 27. Kh1 Rxc1 28. Rxc1 Bd4 (28... Qe7 {
leistet stärkeren Widerstand}) 29. Rb1 {? Unglaublich passiv statt einfach
b2-b4 +/-} Bf6 {? Ob Weiss nach ...Dc8 noch hätte gewinnen können, ist nicht
klar.} 30. a4 {! Wenn der Turbostar 432 KSO rechtzeitig einen Freibauern in
Gang setzt, muss man diese nette Ausnahme loben.} Rf2 31. Be4 Qc8 32. b4 {
Kaum zu glauben: Das Kaplan-Programm setzt einen zweiten Freibauern in
Bewegung.} Be7 33. Qc6 Qf8 34. Kg1 {?! Völlig unnötiges Zaudern, denn sofort
34.a5 gewinnt rasch. Der drohende Vormarsch des a-Bauern liesse sich nur unter
Materialverlust abwenden.} (34. a5 Qd8 35. a6 Qd2 36. Bg2 Qa2 37. Rg1 Bxb4 38.
Qb6 Rf6 39. Qb8+ Kh7 40. a7 Ra6 41. a8=Q Rxa8 42. Qxa8 {+-}) 34... Rd2 35. Qc4
{? Nach 35.a5 hat Schwarz noch immer um das Überleben zu kämpfen.} Bf6 {
? Falsch: 35...Dd8 hätte den weissen Vorteil praktisch neutralisiert.} 36. Bd5
Qe8 37. a5 Qd7 38. Bg2 Rd4 39. Qf1 Rd2 40. Qf3 Qe7 41. Qe4 Qf8 42. Kh1 Bc3 43.
a6 Bd4 44. Qf4 Rxg2 45. Kxg2 Qa8+ 46. Kh3 Qd5 47. Re1 Bc3 48. Re8+ Kh7 49. Qe4+
Qxe4 50. Rxe4 f5 {Schwarz gibt auf} 1-0